<?xml version="1.0" encoding="UTF-8"?>
<record
    xmlns:xsi="http://www.w3.org/2001/XMLSchema-instance"
    xsi:schemaLocation="http://www.loc.gov/MARC21/slim http://www.loc.gov/standards/marcxml/schema/MARC21slim.xsd"
    xmlns="http://www.loc.gov/MARC21/slim">

  <leader>01005nam0a2200301   4500</leader>
  <controlfield tag="001">RU\NLR\bibl\44072</controlfield>
  <controlfield tag="005">20260406123530.0</controlfield>
  <datafield tag="010" ind1=" " ind2=" ">
    <subfield code="a">5-04-002617-&#x425;</subfield>
    <subfield code="9">15000</subfield>
  </datafield>
  <datafield tag="021" ind1=" " ind2=" ">
    <subfield code="a">RU</subfield>
    <subfield code="b">99-21535</subfield>
    <subfield code="9">1050</subfield>
  </datafield>
  <datafield tag="035" ind1=" " ind2=" ">
    <subfield code="a">(NLR Aleph) 000042976</subfield>
  </datafield>
  <datafield tag="090" ind1=" " ind2=" ">
    <subfield code="a">225985</subfield>
    <subfield code="c">225985</subfield>
  </datafield>
  <datafield tag="100" ind1=" " ind2=" ">
    <subfield code="a">19990819d1999    |||y0rusy50      ca</subfield>
  </datafield>
  <datafield tag="101" ind1="1" ind2=" ">
    <subfield code="a">rus</subfield>
    <subfield code="c">eng</subfield>
  </datafield>
  <datafield tag="102" ind1=" " ind2=" ">
    <subfield code="a">RU</subfield>
  </datafield>
  <datafield tag="105" ind1=" " ind2=" ">
    <subfield code="a">y   |||||||||</subfield>
  </datafield>
  <datafield tag="200" ind1="1" ind2=" ">
    <subfield code="a">&#x42D;&#x43B;&#x438;&#x43A;&#x441;&#x438;&#x440; &#x43C;&#x43E;&#x43B;&#x43E;&#x434;&#x43E;&#x441;&#x442;&#x438;</subfield>
    <subfield code="a">&#x421;&#x432;&#x435;&#x442; &#x43B;&#x443;&#x43D;&#x44B;</subfield>
    <subfield code="e">&#x420;&#x43E;&#x43C;&#x430;&#x43D;&#x44B;</subfield>
    <subfield code="f">&#x411;&#x430;&#x440;&#x431;&#x430;&#x440;&#x430; &#x41A;&#x430;&#x440;&#x442;&#x43B;&#x435;&#x43D;&#x434;</subfield>
    <subfield code="g">[&#x41F;&#x435;&#x440;. &#x441; &#x430;&#x43D;&#x433;&#x43B;. &#x412;. &#x410;&#x433;&#x435;&#x435;&#x432;&#x430;, &#x413;. &#x422;&#x443;&#x433;&#x443;&#x441;&#x43E;&#x432;&#x43E;&#x439;]</subfield>
  </datafield>
  <datafield tag="210" ind1=" " ind2=" ">
    <subfield code="a">&#x41C;.</subfield>
    <subfield code="c">&#x42D;&#x41A;&#x421;&#x41C;&#x41E;-&#x41F;&#x440;&#x435;&#x441;&#x441;</subfield>
    <subfield code="d">1999</subfield>
  </datafield>
  <datafield tag="215" ind1=" " ind2=" ">
    <subfield code="a">429 &#x441;.</subfield>
    <subfield code="d">17</subfield>
  </datafield>
  <datafield tag="225" ind1="1" ind2=" ">
    <subfield code="a">&#x41A;&#x440;&#x443;&#x436;&#x435;&#x432;&#x43E;</subfield>
  </datafield>
  <datafield tag="686" ind1=" " ind2=" ">
    <subfield code="a">&#x428;6(4&#x412;&#x43B;)67-440.4</subfield>
  </datafield>
  <datafield tag="700" ind1=" " ind2="1">
    <subfield code="4">070</subfield>
    <subfield code="8">rus</subfield>
    <subfield code="7">ca</subfield>
    <subfield code="a">&#x41A;&#x430;&#x440;&#x442;&#x43B;&#x430;&#x43D;&#x434;</subfield>
    <subfield code="b">&#x411;.</subfield>
    <subfield code="f">1901-2000</subfield>
    <subfield code="g">&#x411;&#x430;&#x440;&#x431;&#x430;&#x440;&#x430;</subfield>
    <subfield code="3">RU\NLR\auth\77841</subfield>
    <subfield code="9">110879</subfield>
  </datafield>
  <datafield tag="801" ind1=" " ind2="0">
    <subfield code="a">RU</subfield>
    <subfield code="b">NLR</subfield>
    <subfield code="c">19990819</subfield>
    <subfield code="g">PSBO</subfield>
  </datafield>
  <datafield tag="801" ind1=" " ind2="1">
    <subfield code="a">RU</subfield>
    <subfield code="b">NLR</subfield>
    <subfield code="c">19990819</subfield>
  </datafield>
  <datafield tag="852" ind1=" " ind2=" ">
    <subfield code="a">NLR</subfield>
    <subfield code="j">99-2/1645</subfield>
  </datafield>
  <datafield tag="942" ind1=" " ind2=" ">
    <subfield code="c">BOOK</subfield>
  </datafield>
  <datafield tag="980" ind1=" " ind2=" ">
    <subfield code="a">NB</subfield>
  </datafield>
  <datafield tag="995" ind1=" " ind2=" ">
    <subfield code="5">2013-10-26</subfield>
    <subfield code="b">NLR01</subfield>
    <subfield code="c">NLR01</subfield>
    <subfield code="e">RF8</subfield>
    <subfield code="f">42976-10</subfield>
    <subfield code="k">99-2/1645</subfield>
    <subfield code="o">0</subfield>
    <subfield code="r">BOOK</subfield>
    <subfield code="s">9921645_</subfield>
  </datafield>
</record>
